000 004530000a22001810004500
041 0 _aENG
082 0 4 _aG 232.962 W771i
100 1 _aWingo, Earl L.
245 1 0 _aThe illegal trial of Jesus / Earl V. Wingo
260 _aNew York, USA : Charter
300 _a142 Pag
650 1 4 _aPASION DE JESUS
001 4069
942 _cBK
999 _c34684
_d34684
336 _atexto
_btxt
_2rdacontent
337 _2rdamedia
_asin mediación
_bn
338 _2rdacarrier
_avolumen
_bnc